Southville International School and Colleges
Your cart is empty.
  • Cart
  • Lists
    Public lists Eva Luna New books Lux_list list_1
    Your lists Log in to create your own lists
  • Log in to your account
  • Your cookies
  • Search history
Southville International School and Colleges
  • Advanced search
  • Recent comments
  • Most popular
  • Libraries

Log in to your account

Log in with GOOGLE


If you do not have an external account, but do have a local account, you can still log in:

  1. Home
  2. MARC view: The Watson's go to Birmingham 1963 /
Normal view MARC view ISBD view

The Watson's go to Birmingham 1963 / (Record no. 20078)

[ view plain ]
MARC details
000 -LEADER
fixed length control field 00695nam a2200181 a 4500
005 - DATE AND TIME OF LATEST TRANSACTION
control field 20140310183209.0
008 - FIXED-LENGTH DATA ELEMENTS--GENERAL INFORMATION
fixed length control field 030207s19uu xx 00 eng d
020 ## - INTERNATIONAL STANDARD BOOK NUMBER
International Standard Book Number 0440228360
050 ## - LIBRARY OF CONGRESS CALL NUMBER
Classification number PZ 7
Item number .C94137 1999
100 ## - MAIN ENTRY--PERSONAL NAME
Personal name Curtis, Christopher Paul
245 ## - TITLE STATEMENT
Title The Watson's go to Birmingham 1963 /
Statement of responsibility, etc Christopher Paul Curtis.
260 ## - PUBLICATION, DISTRIBUTION, ETC. (IMPRINT)
Place of publication, distribution, etc New York :
Name of publisher, distributor, etc Bantam Doubleday,
Date of publication, distribution, etc 1999.
300 ## - PHYSICAL DESCRIPTION
Extent 210 p. :
Dimensions 18cm.
520 ## - SUMMARY, ETC.
Summary, etc The ordinary interaction and everyday routines of the Watsons, an African American family living in Flint, Michigan are drastically changed after they go to visit Grandma in Alabama in the summer of 1963
650 ## - SUBJECT ADDED ENTRY--TOPICAL TERM
Topical term or geographic name as entry element Fiction.
942 ## - ADDED ENTRY ELEMENTS (KOHA)
Koha item type Books
Source of classification or shelving scheme Library of Congress Classification
Holdings
Withdrawn status Lost status Source of classification or shelving scheme Damaged status Home library Current library Shelving location Date acquired Total Checkouts Full call number Barcode Date last seen Copy number Price effective from Koha item type
    Library of Congress Classification   College Library College Library Fiction Section 02/07/2003   PZ 7 .C94137 1999 C2075 05/08/2018 1 10/10/2013 Books

The Watson's go to Birmingham 1963 /

APA

Curtis C. P., . (1999). The Watson's go to Birmingham 1963. New York: Bantam Doubleday.

Chicago

Curtis Christopher Paul, . 1999. The Watson's go to Birmingham 1963. New York: Bantam Doubleday.

Harvard

Curtis C. P., . (1999). The Watson's go to Birmingham 1963. New York: Bantam Doubleday.

MLA

Curtis Christopher Paul, . The Watson's go to Birmingham 1963. New York: Bantam Doubleday. 1999.

  • Place hold
  • Print
  • Cite
  • Add to your cart (remove)
  • Save record
    BIBTEX Dublin Core MARCXML MARC (non-Unicode/MARC-8) MARC (Unicode/UTF-8) MARC (Unicode/UTF-8, Standard) MODS (XML) RIS
  • More searches
    Search for this title in:
    Other Libraries (WorldCat) Other Databases (Google Scholar) Online Stores (Bookfinder.com) Open Library (openlibrary.org)

Exporting to Dublin Core...

SOUTHVILLE LIBRARY

Southville International School and Colleges Library

1281 Tropical Ave. Cor. Luxembourg St., BF Homes International, Las Pinas City

Tel. No. 8256374 / 252358 Loc. 117/146

Powered by Koha